000 01165nam0a22002531 4500
001 rc\1066800
005 20260407010337.0
035 _a(NLR Aleph) 006227120
090 _a6532432
_c6532431
100 _a20041129d1980 |||y0rusy50 ca
101 0 _arus
102 _aRU
105 _ay |||||||||
200 1 _aМетодические рекомендации [по хранению медикаментов, перевязочных средств и предметов ухода за больными в условиях аптек]
_f... Ленингр. науч. о-во фармацевтов
_g[Сост.: Синев Д.Н., Кузнецов В.Н.]
210 _aЛ.
_cБ. и.
_d1980
215 _a28 с.
_d20
702 1 _aСинев
_bД.Н.
_gДмитрий Николаевич
_4220
710 0 2 _aЛенинградское городское аптечное управление
_9407162
_3RU\NLR\AUTH\889955533
712 0 2 _aЛенинградское науч. фармацевтическое о-во
_9492211
_3RU\NLR\AUTH\889997490
801 0 _aRU
_bNLR
_gpsbo
801 1 _aRU
_bELAR
_2rusmarc
852 _aNLR
_j81-4/7531
942 _cBOOK
980 _aNB